000 00773nam a2200265Ia 4500
003 OSt
005 20221006151303.0
006 a|||||r|||| 00| 0
007 ta
008 221006b |||||||| |||| 00| 0 eng d
020 _c
_4.00
024 _a21,584
037 _cTextual
040 _aEASL
_cEASL
_beng
041 _2eng
_aeng
082 _aw41,C78, H0
100 _aBODDE Derk Tr.
_9109626
245 0 _aStatesman, patriot and general in Ancient China
_b Three Shih Chi Biographies of the Ch'ín Dynasty
260 _aNew Havan
_b American Oriental Society
_c1940
300 _a75p.
_ccm.
490 _v RR
_aAmerican Oriental Series, V.17
650 _aCEL
942 _hw41,C78, H0
_cTEXL
_2CC
999 _c1089670
_d1089670